Perspektívy vstupu Rumunska do Eurozóny bakalárska práca

Uložené v:
Podrobná bibliografia
Hlavný autor: Macháček, Matej
Korporativný autor: Národohospodárska fakulta EU. Katedra bankovníctva a medzinárodných financií
Ďalší autori: Moravec, Peter, 1993-
Médium: Kniha
Jazyk:Slovak
Vydavateľské údaje: Bratislava 2024
Tagy: Pridať tag
Žiadne tagy, Buďte prvý, kto otaguje tento záznam!

MARC

LEADER 00000nbm a2200000 4500
001 0301721
005 20250516094627.1
041 0 |a slo 
044 |a SK 
245 1 0 |a Perspektívy vstupu Rumunska do Eurozóny  |b bakalárska práca  |c Matej Macháček ; školiteľ: Peter Moravec 
264 1 |a Bratislava  |c 2024 
300 |a 45 s. 
100 1 |a Macháček, Matej 
700 1 |a Moravec, Peter, 1993- 
710 2 |a Národohospodárska fakulta EU. Katedra bankovníctva a medzinárodných financií